000 01368cam a22003377a 4500
003 CHAP
005 20220329133229.0
008 971013s1990 r 10010 d
010 _a3676
011 _a4648
035 _a3852
040 _cCHAP
082 _a630.9725
_bR4 1990
111 0 0 _aReunión Científica, Forestal y Agropecuaria del Centro de Investigaciones Forestales y Agropecuarias de Distrito Federal
_n(2
_d: 1990
_c: México, D.F.)
_996264
245 0 _aResúmenes
260 _aMéxico, D.F. :
_bINIFAP. Centro de Investigaciones Forestales y Agropecuarias del Distrito Federal,
_c1990
300 _a80 p.
590 _aBATCH-UPD
_b10
_c20130110
_lUCH01
_h2209
590 _aBATCH-UPD
_b10
_c20130409
_lUCH01
_h2057
590 _aBATCH-UPD
_b10
_c20130410
_lUCH01
_h1512
590 _aBATCH-UPD
_b10
_c20130913
_lUCH01
_h2101
590 _aCONVERSION
_b10
_c20130109
_lUCH01
_h1303
650 1 4 _aAgricultura
_xInvestigación
_xMéxico (D.F.)
_91644
650 1 4 _aBosques
_xInvestigación
_xMéxico (D.F.)
_914302
650 1 4 _aGanadería
_xInvestigación
_xMéxico (D.F.)
_944785
901 _aBK
942 _cLIBRO
949 _a630.9725 R4 1990
_bBC
_cCONG
_d-73493
_eCONG
_fc.3
_h80527
_i3852
_si
949 _a630.9725 R4 1990
_bBC
_cLIBRO
_d33724000049367
_eLIBRO
_h80525
_i3852
_si
949 _a630.9725 R4 1990
_bBC
_cLIBRO
_d33724000049391
_eLIBRO
_fc.2
_h80526
_i3852
_si
999 _c3676
_d3676